000 00581nam a2200181Ia 4500
008 100920s9999 xx 000 0 und d
082 _b107164
_a891.463.1 न 07
100 _aकुलकर्णी जयश्री.
245 _aविषवल्ली.
260 _bमेहता पब्लिशिंग हाऊस,पुणे-30.
_c2007
300 _a145
_bसाधी
365 _b120
520 _aलघुकथा.
630 _aविषवल्ली.
650 _aलघुकथा.
730 _aविषवल्ली.
942 _cBOOK
999 _c747588
_d747585